| 000 | 00719nam a2200241Ia 4500 | ||
|---|---|---|---|
| 003 | OSt | ||
| 005 | 20230619143850.0 | ||
| 008 | 210423s2013 xx 000 0 und d | ||
| 020 | _a978-0-07-070704-7 | ||
| 040 | _cAL | ||
| 041 | _aeng | ||
| 082 | _a547.28 GHOP | ||
| 100 |
_aGHOSH (Premamoy) _9105988 |
||
| 245 | _aPolymer science and technology : plastics rubbers blends and composites Ed 3 | ||
| 250 | _a3 | ||
| 260 |
_aNew Delhi _bMcGrawhill Education _c2013 |
||
| 300 |
_axiv,580p _bHB |
||
| 365 |
_b650 _cINR |
||
| 650 |
_aChemistry _9105989 |
||
| 650 |
_aOrganic Chemistry _9105990 |
||
| 906 | _a: ; 3 ; blends ; composites ; Ed ; plastics ; Polymer ; rubbers ; science ; technology | ||
| 942 |
_2ddc _cBK |
||
| 999 |
_c166464 _d166464 |
||